1136 1505 1642 1705 1176 1711 1889 1472 1762 1931 1061 1108 1644 1493 1462 1553 1205 1224 1012 1851 1578 1920 1334 1614 1401 1463 1481 1559 1480 1890 1369 1540 1500 1421 1694 1703 1833 1739 1013 1262 1897 1877 1296 1503 1488 1719 1835 1431 1024 1849 1123 1990 1173 1121 1080 1601 1108 1354 1913 1181 1249 1257 1159 1419 1539 1902 1819 1618 1620 1179 1123 1677 1257 1637 1888 1570 1718 1220 1515 1060 1908 1717 1854 1719 1074 1173 1678 1430 1882 1105 1885 1906 1502 1479 1766 1070 1502 1399 1122 BCNSPRNW ULIB Ver.6.0+V

เปลี่ยนเป็นภาษาไทย

Change to English
 แสดงรายละเอียดบรรณานุกรม
  กลับหน้าหลัก

Brief Record : Get Marc (ISO 2709) : E-mail record : QR code < ปิดหน้าต่าง
LEADER : 00000nam 2200000uu 4500
001    13399108204
003     ULIB
008    110221s2552||||th 000 0 tha d
020    9789748285221
060 04 WB115^bป445ค 2552
100 0  ปราณี ทู้ไพเราะ
245 10 คู่มือโรค =^bHandbook of diseases /^cปราณี ทู้ไพเราะ
246 31 Handbook of diseases
250    พิมพ์ครั้งที่ 1
260    กรุงเทพฯ :^bNP Press,^c2552
300    522 หน้า ;^c21 ซม.
504    มีบรรณานุกรมและดัชนี
650  7 การวินิจฉัยโรค
650  7 อายุรศาสตร์
945    ^p320^l0^i028874
945    ^p320^l0^i028724
945    ^p320^l0^i028723
945    ^p320^l0^i026170
945    ^p320^l0^i026169
945    ^p320^l0^i026168
945    ^p320^l0^i026166
945    ^p320^l0^i026164
945    ^p320^l0^i026167
945    ^p320^l0^i026165
995    ทศพร
999 ^a 2552ใช้งานได้ทุกระบบ
รายการนี้ยังไม่มีแท็ก
คุณยังไม่ได้ล็อกอิน คุณสามารถมีกิจกรรมร่วมกับเว็บไซต์ได้ แต่ต้องล็อกอินก่อน ::
  ล็อกอิน

รายการสื่อสารสนเทศ

ลำดับที่ ประเภท เลขเรียก/บาร์โค้ด สถานที่ สถานะ
- ไม่พบข้อมูล -

รายการใกล้เคียง
    ผู้แต่ง [ปราณี ทู้ไพเราะ]

    หัวเรื่อง [การวินิจฉัยโรค]
    หัวเรื่อง [อายุรศาสตร์]

BibComment


ยังไม่เคยถูกคอมเมนท์

คอมเมนท์ทรัพยากรรายการนี้
  คอมเมนท์: คู่มือโรค Handbo..


 Copyright 2026. Bcnsprnw @Library